000 00593cam a22002291 4500
001 sa 68014846
003 DLC
005 20260227112636.0
008 901121s1967 ii 000 0 hino
010 _asa 68014846
035 _a(OCoLC)22725395
040 _aDLC
_cWaU
_dDLC
042 _apremarc
043 _aa-ii---
050 0 0 _aDS421.5
_b.P297
100 1 _aParasāī, Hariśaṅkara.
245 1 0 _aSadācārakā tāvīza.
260 _c[1967]
300 _a138 p.
_c19 cm.
500 _aIn Hindi.
651 0 _aIndia
_xSocial life and customs
_xAnecdotes, facetiae, satire, etc.
999 _c86060
_d86060